La consommation d'eau en Europe - Statistiques

Statistiques générales
  • Ce quiz a été pris 65 fois
  • Le résultat moyen est 4 sur 5
Statistiques - réponses
Indice Pays % Correct
De 101 à 120 Pays-Bas | Belgique | Danemark | France | Royaume-Uni | Finlande | Suède | Autriche
97%
De 81 à 100 Grèce | Malte | Espagne | Chypre | Irlande | Italie
92%
Plus de 120 Allemagne | Luxembourg
85%
De 61 à 80 Estonie | Lettonie | Hongrie | Tchéquie | Pologne | Slovaquie | Lituanie | Portugal | Slovénie
82%
De 40 à 60 Bulgarie | Roumanie | Croatie
73%
Aucun quiz correspondant
Distribution des résultats
% des personnes avec chaque résultat
Percentile par nombre de réponses
Votre historique - résultats
Vous n’avez pas pris ce quiz